Manifolds, tensor analysis, and applications
Αποθηκεύτηκε σε:
| Κύριος συγγραφέας: | |
|---|---|
| Άλλοι συγγραφείς: | , |
| Μορφή: | Βιβλίο |
| Γλώσσα: | English |
| Δημοσίευση: |
New York ; Berlin :
Springer,
c1988
|
| Σειρά: | Applied mathematical sciences (Springer-Verlag New York Inc.)
; 75 |
| Θέματα: | |
| Ετικέτες: |
Προσθήκη ετικέτας
Δεν υπάρχουν, Καταχωρήστε ετικέτα πρώτοι!
|
MARC
| LEADER | 00000nam a2200000 i 4500 | ||
|---|---|---|---|
| 001 | 1/71074 | ||
| 008 | 990301s1988 eng d | ||
| 020 | |a 0-387-96790-7 | ||
| 035 | |l 10048245 | ||
| 040 | |a GR-MY-UA |b gre |e aacr | ||
| 041 | 0 | |a eng | |
| 082 | 0 | |a 514.3 | |
| 100 | 1 | |a Abraham, Ralph. | |
| 245 | 1 | 0 | |a Manifolds, tensor analysis, and applications / |c R. Abraham, J. E. Marsden, T. Ratiu |
| 260 | |a New York ; Berlin : |b Springer, |c c1988 | ||
| 300 | |a 654 p.; |b ill.; |c 24 cm. | ||
| 490 | 1 | |a Applied mathematical sciences (Springer-Verlag New York Inc.) |v ; 75 | |
| 500 | |a Includes index | ||
| 500 | |a Το Παράρτημα Λέσβου διαθέτει την 2η έκδοση | ||
| 650 | 0 | 0 | |a Global analysis (Mathematics) |
| 650 | 0 | 0 | |a Manifolds (Mathematics) |
| 650 | 0 | 0 | |a Calculus of tensors. |
| 700 | 1 | |a Marsden, Jerrold E. | |
| 700 | 1 | |a Ratiu, Tudor S. | |
| 830 | 0 | |a Applied mathematical sciences (Springer-Verlag New York Inc.) |v ; 75 | |
| 852 | |a INST |b LESVOS |e 20070801 |h 514.3 ABR |p 005100041331 |q 005100041331 |t BK |y 0 | ||
| 852 | |a INST |b SAMOS |e 19990301 |h 514.3 ABR |p 005300013244 |q 005300013244 |t BK |y 0 | ||
| 901 | |a BIBL-1999-1 | ||
| 901 | |a BIBL1-2007-2 | ||
| 909 | |a Σ |b 063081 | ||
| 909 | |a Λ |b 137334 | ||
| 922 | |a 3ΕΛΗ |b 199901 |c ΕΠΕΑΕΚ/ΜΑΘ |d GLORY | ||
| 922 | |a 1ΕΛΗ |b 200707 |c ΕΠΕΑΕΚ2/ΤΕΘ |d ΕΛΕΥΘΕΡΟΥΔΑΚΗΣ | ||